Sustainable urban drainage (Record no. 115292)

MARC details
000 -LEADER
fixed length control field 01316cad a2200313 4500
001 - CONTROL NUMBER
control field L158404
008 - FIXED-LENGTH DATA ELEMENTS--GENERAL INFORMATION
fixed length control field 040913n2014 000 0 eng u
035 ## - SYSTEM CONTROL NUMBER
System control number (Sirsi) u158404
041 ## - LANGUAGE CODE
Language code of text/sound track or separate title eng
110 2# - MAIN ENTRY--CORPORATE NAME
Corporate name or jurisdiction name as entry element Royal Institution of Chartered Surveyors
9 (RLIN) 4900
245 00 - TITLE STATEMENT
Title Sustainable urban drainage
Remainder of title Retrofitting for improved flood mitigation in city centres
Medium [electronic resource]
260 ## - PUBLICATION, DISTRIBUTION, ETC.
Place of publication, distribution, etc. London
Name of publisher, distributor, etc. RICS
Date of publication, distribution, etc. 2014
490 #0 - SERIES STATEMENT
Series statement RICS Research
520 ## - SUMMARY, ETC.
Summary, etc. Examines the potential for mitigation of predominantly pluvial flooding in central business districts (CBD) through retrofitting of sustainable urban drainage systems. It draws upon case studies in the commercial office sector in Melbourne, Australia and Newcastle, UK.
650 24 - SUBJECT ADDED ENTRY--TOPICAL TERM
Topical term or geographic name entry element SUSTAINABLE URBAN DRAINAGE SYSTEMS
650 24 - SUBJECT ADDED ENTRY--TOPICAL TERM
Topical term or geographic name entry element FLOOD MANAGEMENT
650 24 - SUBJECT ADDED ENTRY--TOPICAL TERM
Topical term or geographic name entry element GREEN ROOFS
650 24 - SUBJECT ADDED ENTRY--TOPICAL TERM
Topical term or geographic name entry element CENTRAL BUSINESS DISTRICT
651 #4 - SUBJECT ADDED ENTRY--GEOGRAPHIC NAME
Geographic name United Kingdom
651 #4 - SUBJECT ADDED ENTRY--GEOGRAPHIC NAME
Geographic name Australia
690 ## - LOCAL SUBJECT ADDED ENTRY--TOPICAL TERM (OCLC, RLIN)
Topical term or geographic name as entry element Sustainability
9 (RLIN) 6271
690 ## - LOCAL SUBJECT ADDED ENTRY--TOPICAL TERM (OCLC, RLIN)
Topical term or geographic name as entry element Planning and development
9 (RLIN) 6259
700 1# - ADDED ENTRY--PERSONAL NAME
Personal name Lamond, Jessica
700 1# - ADDED ENTRY--PERSONAL NAME
Personal name Wilkinson, Sara
700 1# - ADDED ENTRY--PERSONAL NAME
Personal name Rose, Carley
700 1# - ADDED ENTRY--PERSONAL NAME
Personal name Proverbs, David
856 48 - ELECTRONIC LOCATION AND ACCESS
Uniform Resource Identifier <a href="https://www.propertyresearchtrust.org/uploads/1/3/4/8/134819607/sustainable_urban_drainage.pdf">https://www.propertyresearchtrust.org/uploads/1/3/4/8/134819607/sustainable_urban_drainage.pdf</a>
Public note Available from Property Research Trust
942 ## - ADDED ENTRY ELEMENTS (KOHA)
Suppress in OPAC 0
Source of classification or shelving scheme Dewey Decimal Classification
Holdings
Withdrawn status Lost status Source of classification or shelving scheme Damaged status Not for loan Home library Current library Shelving location Date acquired Total Checkouts Full call number Barcode Date last seen Copy number Price effective from Koha item type
    Dewey Decimal Classification     Virtual Virtual Online 03/02/2015   ONLINE PUBLICATION 158404-2001 06/08/2019 1 06/08/2019 Book